Statistics for American or Asian Countries by GDP Per Capita

Click here to take the quiz!

General Stats

  • This quiz has been taken 17 times
  • The average score is 24 of 30

Answer Stats

USDCountry% Correct
$74.900United States
100%
$57.200Canada
94%
$50.900Kuwait
94%
$112.800Qatar
94%
$131.600Singapore
94%
$79.200United Arab Emirates
94%
$48.400Japan
88%
$55.300Saudi Arabia
88%
$53.000South Korea
88%
$68.700Taiwan
88%
$26.600Argentina
82%
$57.800Bahrain
82%
$30.000Chile
82%
$36.200Oman
82%
$37.400Panama
82%
$29.800Trinidad and Tobago
82%
$37.000Turkey
82%
$40.800Bahamas
76%
$23.700Brazil
76%
$76.000Brunei
76%
$32.900Malaysia
76%
$28.500Russia
76%
$24.900Costa Rica
71%
$22.200Dominican Republic
71%
$25.800Saint Kitts and Nevis
71%
$27.600Uruguay
71%
$48.800Cyprus
59%
$30.500Kazakhstan
53%
$29.100Maldives
53%
$38.200Guyana
47%

Score Distribution

Percentile by Number Answered

Percent of People with Each Score

Your Score History

You have not taken this quiz